000 00294nam a22001337a 4500
008 171030b xxu||||| |||| 00| 0 eng d
020 _a9780814251034
041 _aeng
080 _a336
100 _a56
101 _aFIN
245 _aCAMPAIGN FINANCE REFORM
_cGROSS.D.A
942 _2udc
_cBK
999 _c36303
_d36303